Prénoms commençant et finissant par la même lettre - Statistiques

Statistiques générales
  • Ce quiz a été pris 121 fois
  • Le résultat moyen est 11 sur 18
Statistiques - réponses
Indice Lettre Prénom % Correct
Hallyday, Hasselhoff, Guetta, Bowie, Beckham ... D David
94%
Compagne d'Adam E Ève
94%
Messi, footballeur international argentin L Lionel
92%
Diminutif de Dylan, chanteur américain B Bob
89%
Jolie, actrice et ex-femme de Brad Pitt A Angelina
88%
Federer, joueur de tennis suisse R Roger
84%
Diminutif de Guillotin, Basso (Le millionnaire), LeMond G Greg
71%
Héroïne de série tv incarnée par Miley Cirus H Hannah (Montana)
65%
Courtois, footballeur international belge (gardien de but) T Thibaut
63%
Frère de Dalida, ou Bloom acteur britannique O Orlando
62%
Père de Michael Douglas, tous les 2 acteurs américains K Kirk
60%
Thavaud, vidéaste web, Rockwell, illustrateur américain N Norman
57%
Boyer, actrice et mère de Clovis Cornillac ou nom de famille de la dernière gagnante de l'eurovision en 1977 M Myriam
54%
Mounbatten, mari d'Élisabeth II et père de Charles III P Philip
52%
Célèbre place à Nancy, en Lorraine S Stanislas
44%
Signifie "saule" en anglais et film de Ron Howard interprété par un acteur de petite taille, Warwick Davis W Willow
32%
Père de Clovis 1er C Childéric 1er
26%
Vient du Swahili qui signifie "foi" ou "croyance" I Imani
7%
Aucun quiz correspondant
Distribution des résultats
% des personnes avec chaque résultat
Percentile par nombre de réponses
Votre historique - résultats
Vous n’avez pas pris ce quiz